• 首页
  • 本馆介绍
  • 公告通知
  • 最新文献
  • 馆藏检索
  • 电子资源
  • 读者导购
  • 参考咨询
  • 我的图书馆
  • 登录
  • 详细信息显示
  • 放入我的书架
  • 预约/预借图书
  • 作者相关作品
  • 分类相关作品
  • 丛书相关作品
  • 出版社相关作品

书目信息

  • 表格格式
  • 工作单格式
  • 卡片格式
题名:
史记选讲
    
 
作者: 司马迁 著 ;郑权中 选讲
分册:  
出版信息: 北京   中国青年出版社  1959
页数: 233页
开本: 19cm
丛书名:
单 册:
中图分类: K204.2 , I211
科图分类:
主题词: 古代史-中国--纪传体 , 文学--作品集--中国
电子资源:
ISBN:
000 00775nam0 2200277 450
001 1561044609
005 20150127152353.50
010    @dCNY0.60
091    @a10009.457
100    @a19961012e19801959em y0chiy0110 ea
101 0  @achi
102    @aCN@b110000
105    @ay z 000yy
200 1  @a史记选讲@9shi ji xuan jiang@f(汉)司马迁著@g郑权中选讲
210    @a北京@c中国青年出版社@d1959@h1982重印
215    @a233页@d19cm
605    @a史记@x注释
606 0  @a古代史-中国@x纪传体
606 0  @a文学@x作品集@x中国
607    @a中国-古代史@x纪传体
690    @aK204.2@v5
690    @aI211@v4
701  0 @c(汉)@a司马迁@9si ma qian@f(前145/前135~前87?)@4著
702  0 @a郑权中@9zheng quan zhong@4选讲
801  0 @aCN@bTSSF@c20150127
905    @aZUCC@dI211@eJY16
    
    史记选讲/(汉)司马迁著/郑权中选讲.-北京:中国青年出版社,1959(1982重印)
    233页;19cm
    
    
    ISBN :CNY0.60
    
●
相关链接 在E读中查询图书 在五车中查询图书 在当当中查询图书 在豆瓣中查询图书


正题名:史记选讲     索取号:I211/JY16         预约/预借

序号 登录号 条形码 馆藏地/架位号 状态 备注
1 7837875   278378756   学院路分馆/ [索取号:I211/JY16] 在馆    
2 7856585   278565857   学院路分馆/ [索取号:I211/JY16] 在馆    
唐山师范学院图书馆 欢迎您!
大连网信软件有限公司© 版权所有